Capitais Mundiais mais Próximas a Londres - Statistics

Estatísticas Gerais
  • Esse quiz foi jogado 105 vezes
  • A pontuação média é 17 de 22
Estatísticas das Respostas
km capital % Correto
1265 Madrid
98%
343 Paris
98%
933 Berlim
94%
464 Dublin
94%
358 Amesterdão
88%
321 Bruxelas
88%
1155 Oslo
88%
1435 Estocolmo
84%
1434 Roma
84%
490 Luxemburgo
83%
957 Copenhaga
79%
747 Berna
77%
1236 Viena
77%
1032 Monaco
74%
1260 San Marino
68%
1432 Vaticano
68%
1035 Praga
67%
1008 Andorra-a-Velha
60%
850 Vaduz
57%
1229 Liubliana
49%
1339 Zagreb
47%
1289 Bratislava
44%
Nenhum quiz correspondente encontrado
Distribuição das Pontuações
Porcentagem de Pessoas com Cada Pontuação
Percentil de Números Respondidos
Sua Pontuação Histórica
Você não jogou esse quiz